MARC details
| 000 -CABECERA |
| campo de control de longitud fija |
02128cab a2200289 ab4500 |
| 005 - FECHA Y HORA DE LA ÚLTIMA TRANSACCIÓN |
| campo de control |
20231009123452.0 |
| 008 - ELEMENTOS DE LONGITUD FIJA--INFORMACIÓN GENERAL |
| campo de control de longitud fija |
991125c2016 cl fr p o 000 0 spa d |
| 035 ## - NÚMERO DE CONTROL DEL SISTEMA |
| Número de control de sistema |
UPN01000216963 |
| 040 ## - FUENTE DE LA CATALOGACIÓN |
| Centro catalogador/agencia de origen |
MX-MxUPN |
| Lengua de catalogación |
spa |
| Centro/agencia transcriptor |
MX-MxUPN |
| Normas de descripción |
aacr2 |
| 049 ## - COLECCIÓN |
| Colección |
ART-E |
| 100 1# - ASIENTO PRINCIPAL--NOMBRE PERSONAL |
| Nombre de persona |
Esteve Mon, Francesc Marc |
| 100 1# - ASIENTO PRINCIPAL--NOMBRE PERSONAL |
| Filiación |
francescmarc.esteve@urv.cat |
| 100 1# - ASIENTO PRINCIPAL--NOMBRE PERSONAL |
| Nombre de persona |
Gisbert Cervera, Mercé |
| 100 1# - ASIENTO PRINCIPAL--NOMBRE PERSONAL |
| Nombre de persona |
Lázaro Cantabrana, José Luis |
| 245 13 - MENCIÓN DE TÍTULO |
| Título |
La competencia digital de los futuros docentes : |
| Resto del título |
¿cómo se ven los actuales estudiantes de educación? |
| Medio |
[recurso electrónico en línea] |
| 506 0# - NOTA DE RESTRICCIONES AL ACCESO |
| Limitaciones de acceso |
Acceso abierto |
| 520 3# - NOTA DE RESUMEN, ETC. |
| Sumario, etc. |
En el momento actual, el rol de los docentes resulta fundamental para capacitar a los estudiantes utilizando todas las potencialidades que ofrecen las TIC. Los docentes necesitan disponer, no solo de una alfabetización digital básica, sino también ser capaces de integrarlas en sus prácticas didácticas, y para ello, su formación inicial resulta fundamental. El principal objetivo de este estudio es explorar la competencia digital de futuros docentes a partir de su autopercepción, un factor clave para su posterior desempeño. Para ello, una muestra de 149 estudiantes universitarios de educación respondieron a un cuestionario de autopercepción diseñando siguiendo los estándares de ISTE. Según los resultados, la mayoría de los futuros docentes disponen de un nivel alto de competencia digital docente (especialmente en habilidades digitales básicas más que en su aplicación didáctica), asimismo se evidenciaron ciertas diferencias significativas en cuanto a la edad, en el área de las habilidades digitales básicas. PE |
| 653 0# - TERMINO DE INDIZACION - NO CONTROLADO |
| Término no controlado |
Formación docente |
| 653 0# - TERMINO DE INDIZACION - NO CONTROLADO |
| Término no controlado |
Competencias digitales |
| 653 0# - TERMINO DE INDIZACION - NO CONTROLADO |
| Término no controlado |
Tecnologías de la información y la comunicación (TIC) |
| 653 0# - TERMINO DE INDIZACION - NO CONTROLADO |
| Término no controlado |
Didáctica |
| 773 ## - ENLACE AL DOCUMENTO FUENTE/ENTRADA DE REGISTRO ANFITRIÓN |
| Parte(s) relacionada(s) |
Vol. 55, no. 2 (2016), p. 38-54 |
| Título |
Perspectiva educacional : formación de profesores |
| Número Internacional Normalizado para Publicaciones Seriadas |
0716-0488 |
| 856 4# - LOCALIZACIÓN Y ACCESO ELECTRÓNICOS |
| Identificador Uniforme del Recurso |
<a href="http://www.perspectivaeducacional.cl/index.php/peducacional/article/viewFile/412/207">http://www.perspectivaeducacional.cl/index.php/peducacional/article/viewFile/412/207</a> |
| 902 ## - ELEMENTOS DE DATOS B LOCAL, LDB (RLIN) |
| Modificó |
Leonor Sotres/091023 |
| 905 ## - TIPO DE MATERIAL |
| Tipo de material |
Articulo |
| 942 ## - ELEMENTOS DE PUNTO DE ACCESO ADICIONAL (KOHA) |
| Tipo de ítem Koha |
Artículo Electrónico |